|
|
|
|
| LEADER |
01439nam a2200361 a 4500 |
| 001 |
0017429 |
| 003 |
BD-DhAAL |
| 008 |
111024t19881976nyua 001 0aeng |
| 010 |
|
|
|a 88042763
|
| 020 |
|
|
|a 0805209069 :
|c $12.95
|
| 040 |
|
|
|a DLC
|c DLC
|d DLC
|d BD-DhAAL
|
| 041 |
1 |
|
|a eng
|a ger
|
| 043 |
|
|
|a e-au---
|
| 082 |
0 |
0 |
|a 838.91203
|
| 100 |
1 |
|
|a Kafka, Franz,
|d 1883-1924.
|9 17327
|
| 240 |
1 |
0 |
|a Diaries.
|l English
|
| 245 |
1 |
4 |
|a The diaries, 1910-1923 /
|c Franz Kafka ; edited by Max Brod.
|
| 260 |
|
|
|a New York :
|b Schocken Books,
|c [1988], c1976.
|
| 300 |
|
|
|a 519 p. :
|b ill. ;
|c 21 cm
|
| 490 |
0 |
|
|a Schocken classics
|
| 500 |
|
|
|a Translation of: Tagebücher.
|
| 500 |
|
|
|a Spine title: Diaries.
|
| 500 |
|
|
|a Includes index.
|
| 526 |
|
|
|a ENH
|x Professor Syed Manzoorul Islam
Coordinator
Department of English and Humanities
|
| 541 |
|
|
|e 00017429
|a Friends' Book Corner
|
| 600 |
1 |
0 |
|a Kafka, Franz,
|d 1883-1924
|x Diaries.
|9 58229
|
| 650 |
|
0 |
|a Authors, Austrian
|y 20th century
|x Diaries.
|9 58230
|
| 700 |
1 |
|
|a Brod, Max,
|d 1884-1968.
|9 58231
|
| 740 |
0 |
|
|a Diaries.
|
| 852 |
1 |
|
|a Ayesha Abed Library
|c General Stacks
|
| 942 |
|
|
|2 ddc
|c BK
|
| 999 |
|
|
|c 11356
|d 11356
|
| 952 |
|
|
|0 0
|1 0
|2 ddc
|4 0
|6 838_912030000000000_KAF
|7 0
|9 18459
|a BRACUL
|b BRACUL
|c GEN
|d 2011-10-26
|e Friends' Book Corner
|g 835.00
|l 22
|m 208
|o 838.91203 KAF
|p 3010017429
|q 2025-05-07
|r 2024-09-05
|s 2024-09-05
|t 1
|w 2011-10-26
|y BK
|x Requisitioned by Professor Syed Manzoorul Islam (Coordinator).
|